000 00626nam a22002177a 4500
001 00028829
005 20260421140050.0
008 260421b ag ||||| |||| 00| 0 spa d
020 _a9788435062213
040 _aAR-CcCEOS
_bspa
_cAR-CcCEOS
041 _aspa
080 _a820-3(73)
090 _bKEA
100 1 _aKeating, Mark,
_d1967-
_91084
245 _aDevlin, el pirata :
_bEn busca del oro de los franceses /
_cMark Keating
250 _a1ยช ed.
264 _aArgentina :
_bEdhasa,
_cc2011.
300 _a442 p. ;
_c24x15 cm.
655 0 _aliteratura estadounidense
_938
_vnovela historica
942 _2udc
_cBK
_n0
999 _c28865
_d28865